QUIZZ - How To Train Your Dragon (1, 2 & 3) - Statistiques

Statistiques générales
  • Ce quiz a été pris 683 fois
  • Le résultat moyen est 12 sur 15
Statistiques - réponses
Question Réponse % Correct
1 — Quelle est l’espèce de Krokmou ? Furie-Nocturne.
99%
15 — Et enfin, toujours dans le dernier film, quand Harold, des années plus tard, décide de chercher le Monde Caché avec Astrid et leurs deux enfants, dans le but de revoir son vieil ami... quelle est la réaction de Krokmou quand il les aperçoit ? Bien que méfiant, il reconnaît son vieil ami et se jette sur lui, fou de joie.
97%
8 — Dans le second film, de quelle façon Stoïck meurt-il ? En protégeant Harold de Krokmou, contrôlé par l’Alpha de Drago.
97%
14 — Dans le troisième et dernier film, quand la bataille contre les Chasseurs de Dragons se termine enfin, Harold fait une décision importante. Laquelle ? Pour leur sécurité, il dit à Krokmou et les siens d’aller dans le Monde Caché.
97%
4 — Comment s’appelle la mère d’Harold ? Valka.
97%
9 — Quel est le nom du dragon de Kognedur et Kranedur ? Prout et Pète.
96%
13 — Dans le troisième et dernier film, quel est le nom de la femelle qui attire tant Krokmou ? Furie-Éclair.
95%
5 — Quel est le nom de l’espèce du dragon de la mère d’Harold ? Cloud Jumper.
91%
10 — Dans le second film, quelle est la race du dragon présenté par Valka comme étant aveugle à cause d’un des pièges de Drago ? Grogne-Boiteur.
82%
3 — Krokmou est-il bel et bien le dernier de son espèce ? Oui, il est le dernier survivant de cette espèce.
82%
12 — Quel est le nom de l’ennemi qui cherche à anéantir Krokmou, dans le troisième et dernier volet ? Grimmel Le Grave.
81%
2 — Dans le premier film, quel âge a Harold ? 15 ans.
77%
7 — Dans le second film, quel âge ont Harold et Astrid ? 20 ans.
67%
6 — Dans le deuxième film, quelle est l’espèce des jeunes dragons ? Krachefeu.
47%
11 — Dans le premier film, quel est le nom de l’immense dragon qui sort de son nid pour la bataille finale ? Mort-Verte.
11%
Aucun quiz correspondant
Distribution des résultats
% des personnes avec chaque résultat
Percentile par nombre de réponses
Votre historique - résultats
Vous n’avez pas pris ce quiz